British and Irish Lions Rugby - Losses to NZ Provincial SIdes - Statistics

General Stats
  • This quiz has been taken 151 times
    73 since last reset
  • The average score is 20 of 25
Answer Stats
Year Score to Home Side Team % Correct
1904 13-0 Auckland
92%
1908 11-0 Auckland
92%
1930 19-6 Auckland
92%
1983 13-12 Auckland
92%
1993 23-18 Auckland
92%
1908 19-13 Wellington
92%
1930 12-8 Wellington
92%
1966 20-6 Wellington
92%
1908 13-8 Canterbury
88%
1930 14-8 Canterbury
88%
1959 20-14 Canterbury
88%
1983 22-20 Canterbury
88%
1993 38-10 Waikato
86%
1908 9-6 Otago
80%
1950 23-9 Otago
80%
1959 26-8 Otago
80%
1966 17-9 Otago
80%
1993 37-24 Otago
80%
2017 22-16 Blues
77%
2017 23-22 Highlanders
73%
1950 11-0 Southland
69%
1966 14-8 Southland
69%
1908 5-0 Taranaki
63%
1993 29-16 Hawke's Bay
59%
1966 12-6 Wanganui-King Country
41%
No matching quizzes found
Score Distribution
Percent of People with Each Score
Percentile by Number Answered
Your Score History
You have not taken this quiz since the last reset